| 000 | 01258nam a22003137i 4500 | ||
|---|---|---|---|
| 003 | EG-GICUC | ||
| 005 | 20260121101452.0 | ||
| 008 | 251211s1946 ua ||||fr|||| 00| 0 ara d | ||
| 040 |
_a EG-GICUC _bara _c EG-GICUC _d EG-GICUC _erda |
||
| 041 | _aara | ||
| 082 | 0 | 4 |
_221 _a343.623 _bم ح . م |
| 092 | 0 | 4 | _221 |
| 099 | _aLaw1 10 343.623 م ح . م 1946 | ||
| 100 | 0 |
_aمحمد فتحى، _cبك، _eمؤلف. |
|
| 245 | 1 | 0 |
_aمشكلة التحليل النفسى فى مصر : _bدراستها من النواحى العلمية والاجتماعية والقضائية والتشريعية / _cمحمد فتحى بك. |
| 264 | 3 |
_aالقاهرة : _bمطبعة مصر، _c1946. |
|
| 300 |
_a229 صفحة ؛ _c24 سم. |
||
| 336 |
_2rda content _atext |
||
| 337 |
_2rda media _aComputer |
||
| 338 |
_2rda carrier _aOnline Resource |
||
| 504 | _aيحتوي على ارجاعات ببليوجرافية | ||
| 546 | _aالنص أغلبه باللغة العربية مع بعض النصوص الإنجليزية | ||
| 650 | 1 | 4 |
_aالإتجاة النفساني _2qrmak |
| 650 | 1 | 4 | _aالتحليل النفسي |
| 651 | 1 | _2qrmak | |
| 856 | 4 | 0 | _uhttps://fll.law.cu.edu.eg/fulltext/bks/B10-07170.pdf |
| 905 |
_a75 _eHassnaa |
||
| 942 |
_2ddc _cBK _e21 _n0 |
||
| 999 |
_c49840 _d49840 |
||